00390nam a2200109Ia 4500008004100000100002700041245004300068260006900111300001100180650002100191856006800212160712s9999 xx 000 0 und d aDelos Reyes, Joselito. cJoselito Delos ReyesaAng mga Beterano c2015bLikhaan: The Journal of Contemporary Philippine Literature avol. 9 xMAIKLING KUWENTO uhttp://journals.upd.edu.ph/index.php/lik/issue/view/539/showToc